Gazeta ministerial de Chile 1818
Uloženo v:
| Korporativní autor: | |
|---|---|
| Médium: | Kniha |
| Jazyk: | španělština |
| Vydáno: |
Santiago, Chile
Imprenta Universitaria
1952
|
| Edice: | Colección de Antiguos Periódicos Chilenos,
4 |
| Témata: | |
| Tagy: |
Přidat tag
Žádné tagy, Buďte první, kdo vytvoří štítek k tomuto záznamu!
|
MARC
| LEADER | 00000nam a2200000 a 4500 | ||
|---|---|---|---|
| 001 | UCY9797 | ||
| 003 | CL-VaPUC | ||
| 005 | 20220823074205.0 | ||
| 008 | 950720e19520000CL |||||||||||||||||spa|d | ||
| 999 | |c 236834 |d 236832 | ||
| 040 | |c Pontificia Universidad Católica de Valparaíso | ||
| 082 | 0 | 4 | |a 079.83 BIB 1952 |2 21 |
| 110 | 2 | |a Biblioteca Nacional |e author |9 342357 | |
| 245 | 1 | 0 | |a Gazeta ministerial de Chile 1818 |
| 260 | |a Santiago, Chile |b Imprenta Universitaria |c 1952 | ||
| 300 | |a 330 páginas | ||
| 490 | 0 | |a Colección de Antiguos Periódicos Chilenos, |v 4 | |
| 583 | |a last modification |c 20160826 03:35:53 |k Rodrigo Vera | ||
| 650 | 0 | |a Historia de Chile |y SIGLO 19 |9 322385 | |
| 650 | 0 | |a Periódicos |z CHILE |9 335528 | |
| 852 | |a BIBCUR | ||
| 942 | |c BK |2 ddc | ||
| 945 | |d 19950720 00:00:00 |a rbrito | ||
| 952 | |0 0 |1 0 |2 ddc |4 0 |6 079_830000000000000_BIB_1952 |7 0 |8 X |9 245172 |a BIBHIS |b BIBHIS |d 2019-11-18 |i 3108961 |o 079.83 BIB 1952 |p 3108961 |r 2024-01-30 |t 2 |w 2019-11-18 |y BK_X |k HIS | ||
| 952 | |0 0 |1 0 |2 ddc |4 0 |6 079_830000000000000_BIB_1952 |7 0 |8 DER_HIS |9 245173 |a BIBDER |b BIBDER |d 2019-11-18 |i 189224K |l 1 |o 079.83 BIB 1952 |p 189224K |r 2023-01-25 |s 2020-03-18 |t 1 |w 2019-11-18 |x Ubicación 4to Piso |y BK_X |z Estos recursos deben solicitarse con anticipación |k DER | ||